000 00363 a2200169 4500
001 187668
020 _a85-16-00258-6
040 _cMagnum
100 _aJosé, Ganymédes
240 1 0 _aUm girassol na janela
_lpor
245 1 0 _aUm girassol na janela
300 _a110
362 0 _a1994
440 1 _aModerna
697 _aLITERATURA JUVENIL
942 _cBK
999 _c187668
_d187668